| 000 | 01587cam a2200373 a 4500 | ||
|---|---|---|---|
| 999 |
_c29139 _d29110 |
||
| 001 | 16857699 | ||
| 003 | EG-ScBUE | ||
| 005 | 20210601094837.0 | ||
| 008 | 110705s2011 enka f b 001 0 eng d | ||
| 020 | _a9780199564286 (pbk.) | ||
| 020 | _a0199564280 (pbk.) | ||
| 035 | _a(OCoLC)ocn695528594 | ||
| 040 |
_aEQO _beng _erda _cEQO _dCDX _dUKM _dYDXCP _dUOH _dUAT _dEUM _dDLC _dKIJ _dCFI _dUAF _dCUI _dIXA _dVRC _dZCU _dOSU _dOCLCF _dDLC _dEG-ScBUE |
||
| 082 | 0 | 4 |
_a572 _bATK _222 |
| 100 | 1 |
_aAtkins, P. W. _q(Peter William), _d1940- _eauthor. |
|
| 245 | 1 | 0 |
_aPhysical chemistry for the life sciences / _cPeter Atkins, professor of chemistry, Oxford University, Julio de Paula, professor of chemistry, Lewis & Clark College. |
| 250 | _aSecond edition. | ||
| 264 | 1 |
_aOxford ; _aNew York : _bOxford University Press, _c2011. |
|
| 300 |
_axxvi, 590 pages : _bcolor illustrations ; _c27 cm |
||
| 336 |
_2rdacontent _atext _btxt |
||
| 337 |
_2rdamedia _aunmediated _bn |
||
| 338 |
_2rdacarrier _avolume _bnc |
||
| 504 | _aIncludes bibliographical references and index. | ||
| 520 | 8 | _aPeter Atkins and Julio de Paula offer a fully integrated approach to the study of physical chemistry and biology. | |
| 650 | 7 |
_aPhysical biochemistry. _2BUEsh |
|
| 650 | 7 |
_aChemistry, Physical and theoretical. _2BUEsh |
|
| 650 | 7 |
_aLife sciences. _2BUEsh |
|
| 653 |
_bENGCHE _cJune2021 |
||
| 655 |
_vReading book _934232 |
||
| 700 | 1 |
_aDe Paula, Julio, _eauthor. |
|
| 906 |
_a7 _bcbc _ccopycat _d3 _encip _f20 _gy-gencatlg |
||
| 942 |
_2ddc _cBB |
||